MARC

LEADER 00000nas a2200000 a 4500
001 ssj0001419
003 WaSeSS
005 20200512172242.0
006 m d
007 cr n
008 970612c19479999mauqr pss 0 a0eng c
010 |a  00213538   |z sn 98023319  
015 |a GBB404944  |2 bnb 
016 |a (AMICUS)000024807873 
016 7 |a 1481046-3  |2 DE-600 
016 7 |a 016587518  |2 Uk 
022 |a 1531-5088  |l 0020-8183  |y 0020-8183 
030 |a IOCMFZ 
035 |a (WaSeSS)ssj0001419 
037 |b MIT Press Journals, 28 Carleton St., Cambridge, Mass. 02142 
040 |a F#A  |b eng  |c F#A  |d OCL  |d NSD  |d OCLCQ  |d IUL  |d OCLCQ  |d ZCU  |d MUQ  |d WAU  |d AZU  |d OCLCQ  |d OCLCO  |d OCLCQ  |d OCLCO  |d EUW  |d OCLCQ  |d OCLCF  |d OCLCO  |d OCLCQ  |d DEBBG  |d TSC  |d WT2  |d NLC  |d NLE  |d OCLCQ  |d APUMS  |d VT2  |d OCLCQ  |d TOF  |d AU@  |d UKMGB  |d UKBTH  |d UHL  |d LIP  |d OCLCQ  |d SFB  |d OCLCQ  |d WaSeSS 
042 |a nsdp  |a pcc 
050 4 |a JX1901 
082 1 0 |a 341  |2 13 
130 0 |a International organization (Online) 
222 0 |a International organization  |b (Online) 
245 1 0 |a International organization  |h [electronic resource]. 
246 1 3 |a IO 
260 |a Cambridge, MA :  |b MIT Press 
310 |a Quarterly 
362 1 |a Print began in 1947. 
506 |a License restrictions may limit access. 
538 |a Mode of access: World Wide Web. 
550 |a Sponsored by the World Peace Foundation. 
580 |a Has an online component part entitled: Dialogue IO. 
588 0 |a Vol. 51, no. 1 (winter 1997); title from introductory page, viewed Aug. 19, 2002. 
588 1 |a Vol. 56, no. 3 (summer 2002). 
650 0 |a International organization  |v Periodicals. 
650 0 |a Economic policy  |v Periodicals. 
650 0 |a National security  |v Periodicals. 
650 6 |a Organisation internationale  |v Périodiques. 
650 7 |a Economic policy.  |2 fast  |0 (OCoLC)fst00902025 
650 7 |a International organization.  |2 fast  |0 (OCoLC)fst00977038 
650 7 |a National security.  |2 fast  |0 (OCoLC)fst01033711 
655 0 |a Electronic journals. 
776 0 8 |i Print version:  |t International organization  |x 0020-8183  |w (DLC) 49001752  |w (OCoLC)1753662 
787 1 |t Dialogue IO  |w (DLC) 2004255453  |w (OCoLC)54757942 
853 2 0 |8 1  |a v.  |b no.  |u 4  |v r  |i (year)  |j (season)  |w q  |x 24  |y ps24,21,22,23 
856 4 0 |z Full text available from Research Library: 01/01/2010 to 1 year ago  |u https://search.proquest.com/publication/41948 
863 4 1 |8 1.1  |a 51  |b 1  |i 1997  |j 24